10 Closest C Countries to United Kingdom - Statistics

General Stats
  • This quiz has been taken 235 times
  • The average score is 7 of 10
Answer Stats
km country miles % Correct
2868 Canada 1782
87%
1093 Croatia 679
85%
758 Czechia 471
82%
3328 Chad 2068
79%
3044 Cyprus 1892
75%
5495 China 3415
70%
4376 Cameroon 2719
68%
4852 Central African Republic 3015
62%
4004 Cabo Verde 2488
50%
4367 Côte d'Ivoire 2713
37%
No matching quizzes found
Score Distribution
Percent of People with Each Score
Percentile by Number Answered
Your Score History
You have not taken this quiz